|
|
|
|
| LEADER |
00000nas1a2200000 4500 |
| 001 |
578151 |
| 005 |
20250312141612.0 |
| 011 |
|
|
|a 1997-6011
|
| 035 |
|
|
|a (RuTPU)RU\TPU\prd\277630
|
| 035 |
|
|
|a RU\TPU\prd\277318
|
| 090 |
|
|
|a 578151
|
| 100 |
|
|
|a 20180529a20089999k||y0rusy50 ca
|
| 101 |
0 |
|
|a rus
|
| 102 |
|
|
|a RU
|
| 110 |
|
|
|a aiaz 0uu0
|
| 200 |
1 |
|
|a Природообустройство
|e научно-практический журнал
|f Российский государственный аграрный университет – МСХА имени К. А.Тимирязева
|
| 210 |
|
|
|a Москва
|c Изд-во РГАУ-МСХА
|d 2008-
|
| 305 |
|
|
|a Издается с 2008 г.
|
| 326 |
|
|
|a Периодичность - 5 номеров в год
|
| 606 |
|
|
|a Природные ресурсы
|x Рациональное использование
|2 stltpush
|3 (RuTPU)RU\TPU\subj\38965
|9 59209
|
| 675 |
|
|
|a 504.062
|
| 712 |
0 |
2 |
|a Московская сельскохозяйственная академия им. К. А. Тимирязева
|c (1923-2005)
|3 (RuTPU)RU\TPU\col\17885
|9 26418
|
| 801 |
|
0 |
|a RU
|b 63413507
|c 20011210
|g PSBO
|
| 801 |
|
2 |
|a RU
|b 63413507
|c 20180529
|g PSBO
|
| 801 |
|
2 |
|a RU
|b 63413507
|c 20250312
|g PSBO
|
| 801 |
|
2 |
|a RU
|b 63413507
|c 20250312
|g PSBO
|
| 856 |
4 |
|
|u https://environment.timacad.ru/jour
|z https://environment.timacad.ru/jour
|
| 856 |
4 |
|
|u https://elibrary.ru/title_about.asp?id=27854
|z https://elibrary.ru/title_about.asp?id=27854
|
| 942 |
|
|
|c CF
|